000 00945nam a22002537a 4500
005 20170124102959.0
010 _aA-608109
020 _c15.00
035 _aA-608109
037 _bCen Lib/Ret
040 _aDPL
_bHN
082 _a
_bराजदे
100 _aराजदेव प्रियंकर
_954236
245 _aज़िन्दगी और नाव /
_cराजदेव प्रियंकर
246 _aZindagi aur naav /
_bby Rajdev Priyankar
260 _aइलाहाबाद
_bउमेश प्रकाशन
_c1991
270 _a१००, लूकरगंज
_bइलाहाबाद
_e211001
300 _a107पृ.
_c17सेमी (सजिल्द)
650 _aहिन्दी साहित्य
_954237
650 _aउपन्यास
_954238
650 _aHindi literature
_954239
650 _aNovel
_922513
942 _2ddc
_cHN
_h
_mराजदे
999 _c113874
_d113874